000
00335cam a2200145ua 4500
041
_a
eng
_h
082
_a
821
_b
ROS/PO
100
_a
Rosetti, .
245
_a
Poems /
_c
Rossetti.
_h
Textual Documents
260
_a
London :
_b
J M Dent and Sons Ltd ,
_c
1961.
300
_a
344 ; .
504
_a
942
_c
BK
999
_c
5363
_d
5363